000 00353nam a2200133Ia 4500
008 240624s9999 xx 000 0 und d
041 _aeng
082 _a338.064 UGU
100 _aUGUR MEHMET
245 _aGOVERNANCE REGULATION AND INNOVATION THE
260 _c2013
_aUnited Kingdom
_bEdward Elgar
300 _axiv, 271 p.; 23 cm.
365 _cBPS
_b25
999 _c32002
_d32002